[Event "Sibiria Region-ch"]
[Site "Barnaul"]
[Date "2011.05.26"]
[Round "7"]
[White "Pavlov, Oleg Yuryevich"]
[Black "Marchuk, Maxim"]
[Result "1-0"]
[WhiteElo "2263"]
[BlackElo "2198"]
[PlyCount "120"]
[EventDate "2011.05.20"]
[EventType "swiss"]
[EventRounds "9"]
[EventCountry "RUS"]
[SourceTitle "EXT 2012"]
[Source "ChessBase"]
[SourceDate "2011.11.24"]
[SourceVersion "1"]
[SourceVersionDate "2011.11.24"]
[SourceQuality "1"]

1. d4 d6 2. Nf3 Bg4 3. c4 c6 4. Nc3 g6 5. g3 Bg7 6. Bg2 Nf6 7. 0-0 0-0 8. h3 Bxf3 9. Bxf3 e5 10. dxe5 dxe5 11. Qxd8 Rxd8 12. Be3 Na6 13. Rfd1 Rxd1+ 14. Rxd1 Bf8 15. a3 Bc5 16. Bg5 Kg7 17. Bxf6+ Kxf6 18. Rd7 Rb8 19. Bg4 Kg7 20. Be6 Kf6 21. Bg4 Kg7 22. e3 Kf8 23. h4 Ke8 24. Bh3 Be7 25. b4 f5 26. Rd2 Rd8 27. Rc2 Kf7 28. Bf1 e4 29. c5 Bf6 30. Bc4+ Ke7 31. Kf1 Nb8 32. Na4 Rd1+ 33. Ke2 Ra1 34. Ra2 Rc1 35. Bg8 Nd7 36. Rd2 h6 37. Rd1 Rxd1 38. Kxd1 Ne5 39. Kd2 Nd3 40. f4 Ba1 41. Nc3 Bxc3+ 42. Kxc3 Nf2 43. Kd4 Kf6 44. a4 Nh1 45. b5 Nxg3 46. Bc4 Nh5 47. b6 axb6 48. cxb6 Ke7 49. Ba6 Kd6 50. Bxb7 Nf6 51. a5 Nd5 52. a6 c5+ 53. Kc4 Nxb6+ 54. Kb5 Kc7 55. Kxc5 Nd7+ 56. Kd5 Nf6+ 57. Ke6 Ng4 58. Kf7 Nxe3 59. Kxg6 Ng2 60. Kxf5 e3 1-0

[Event "Sibiria Region-ch"]
[Site "Barnaul"]
[Date "2011.05.25"]
[Round "6"]
[White "Marchuk, Maxim"]
[Black "Nevostrujev, Vladimir"]
[Result "0-1"]
[WhiteElo "2198"]
[BlackElo "2474"]
[PlyCount "64"]
[EventDate "2011.05.20"]
[EventType "swiss"]
[EventRounds "9"]
[EventCountry "RUS"]
[SourceTitle "EXT 2012"]
[Source "ChessBase"]
[SourceDate "2011.11.24"]
[SourceVersion "1"]
[SourceVersionDate "2011.11.24"]
[SourceQuality "1"]

1. Nf3 Nf6 2. d4 g6 3. Bg5 Bg7 4. Nbd2 d5 5. c3 0-0 6. e3 b6 7. Be2 c5 8. 0-0 Ba6 9. Bxa6 Nxa6 10. Qa4 Qc8 11. b4 c4 12. Qc2 Qf5 13. Qxf5 gxf5 14. a4 Ne4 15. Nxe4 fxe4 16. Ne1 e5 17. Nc2 f6 18. Bh4 Kf7 19. f3 exf3 20. Rxf3 Ke6 21. Kf1 Nc7 22. Re1 a5 23. bxa5 Rxa5 24. dxe5 fxe5 25. Nd4+ Kd7 26. Rxf8 Bxf8 27. Nf3 e4 28. Ne5+ Ke6 29. Bd8 Bd6 30. Nc6 Rxa4 31. Rb1 Kd7 32. Rxb6 Ne6 0-1

[Event "Moscow op-A"]
[Site "Moscow"]
[Date "2009.02.08"]
[Round "9"]
[White "Reprintsev, Alexander"]
[Black "Marchuk, Maxim"]
[Result "1-0"]
[WhiteElo "2400"]
[BlackElo "2198"]
[PlyCount "58"]
[EventDate "2009.01.31"]
[EventType "swiss"]
[EventRounds "9"]
[EventCountry "RUS"]
[SourceTitle "EXT 2023"]
[Source "ChessBase"]
[SourceDate "2022.10.05"]
[SourceVersion "1"]
[SourceVersionDate "2022.10.05"]
[SourceQuality "1"]

1. e4 e6 2. Qe2 b6 3. b3 Bb7 4. Bb2 d6 5. f4 Nd7 6. Nf3 Ngf6 7. Nc3 Nc5 8. d3 a5 9. 0-0-0 a4 10. g4 axb3 11. axb3 Nxg4 12. d4 Nd7 13. Rg1 Ngf6 14. h4 Qe7 15. Bh3 d5 16. e5 Ne4 17. Nxe4 dxe4 18. Ng5 0-0-0 19. f5 exf5 20. Bxf5 h6 21. Nxe4 Qxh4 22. Rdf1 g6 23. Bg4 h5 24. Bf3 Bh6+ 25. Kb1 Nf8 26. d5 Bg7 27. d6 c6 28. Ng5 Rd7 29. Qg2 Bh6 1-0

[Event "Moscow op-A"]
[Site "Moscow"]
[Date "2009.02.04"]
[Round "5"]
[White "Marchuk, Maxim"]
[Black "Leontiev, Aleksandr V"]
[Result "0-1"]
[WhiteElo "2198"]
[BlackElo "1960"]
[PlyCount "50"]
[EventDate "2009.01.31"]
[EventType "swiss"]
[EventRounds "9"]
[EventCountry "RUS"]
[SourceTitle "EXT 2022"]
[Source "ChessBase"]
[SourceDate "2021.10.06"]
[SourceVersion "1"]
[SourceVersionDate "2021.10.06"]
[SourceQuality "1"]

1. Nf3 Nf6 2. d4 g6 3. Bg5 Ne4 4. h4 Bg7 5. c3 d5 6. Nbd2 c5 7. e3 Qb6 8. Qb3 Nxg5 9. hxg5 Nc6 10. Bb5 0-0 11. dxc5 Qxc5 12. Qa4 Rd8 13. Nb3 Qb6 14. Bxc6 bxc6 15. Qh4 a5 16. Qxh7+ Kf8 17. 0-0 a4 18. Nc1 Ba6 19. Rb1 a3 20. Re1 axb2 21. Nb3 c5 22. Nh4 Bd3 23. Rxb2 c4 24. Rd1 Be4 25. f3 Qxe3+ 0-1

[Event "Moscow op-A"]
[Site "Moscow"]
[Date "2009.02.02"]
[Round "3"]
[White "Marchuk, Maxim"]
[Black "Przybylski, Wojciech"]
[Result "0-1"]
[WhiteElo "2198"]
[BlackElo "2337"]
[PlyCount "70"]
[EventDate "2009.01.31"]
[EventType "swiss"]
[EventRounds "9"]
[EventCountry "RUS"]
[SourceTitle "EXT 2022"]
[Source "ChessBase"]
[SourceDate "2021.10.06"]
[SourceVersion "1"]
[SourceVersionDate "2021.10.06"]
[SourceQuality "1"]

1. Nf3 Nf6 2. d4 e6 3. c4 b6 4. g3 Ba6 5. b3 Bb4+ 6. Bd2 Be7 7. Bg2 d5 8. Ne5 c6 9. 0-0 0-0 10. Bc3 Nfd7 11. Nxd7 Nxd7 12. Nd2 Rc8 13. Bb2 b5 14. Qc2 c5 15. dxc5 Bxc5 16. Qd1 bxc4 17. bxc4 Bxc4 18. Nxc4 dxc4 19. Qa4 Qe7 20. e3 Nb6 21. Qa6 Bb4 22. Bd4 Ba3 23. Be4 c3 24. Bc2 Bb2 25. Qd3 g6 26. Rad1 Nc4 27. f4 Rfd8 28. Rf2 Qb7 29. h4 Qb5 30. Rdf1 Na3 31. Qd1 Nxc2 32. Rxc2 f6 33. Qg4 Kf7 34. f5 exf5 35. Qf4 Qd3 0-1

[Event "Moscow op-A"]
[Site "Moscow"]
[Date "2009.02.01"]
[Round "2"]
[White "Sakaev, Konstantin"]
[Black "Marchuk, Maxim"]
[Result "1-0"]
[WhiteElo "2274"]
[BlackElo "2198"]
[PlyCount "87"]
[EventDate "2009.01.31"]
[EventType "swiss"]
[EventRounds "9"]
[EventCountry "RUS"]
[SourceTitle "EXT 2022"]
[Source "ChessBase"]
[SourceDate "2021.10.06"]
[SourceVersion "1"]
[SourceVersionDate "2021.10.06"]
[SourceQuality "1"]

1. d4 Nf6 2. Nf3 e6 3. c4 Bb4+ 4. Bd2 Qe7 5. g3 b6 6. Bg2 Bb7 7. 0-0 Bxd2 8. Qxd2 0-0 9. Nc3 d6 10. d5 a5 11. Nd4 Kh8 12. e4 Nbd7 13. f4 e5 14. Nf5 Qd8 15. Ne3 g6 16. Rf2 Qe7 17. Raf1 exf4 18. gxf4 Nh5 19. Nc2 Rae8 20. Nd4 Kg8 21. b3 Bc8 22. Re2 Ba6 23. Re3 Qh4 24. Rh3 Qg4 25. Qf2 Nc5 26. Kh1 Bc8 27. Re3 Nf6 28. h3 Qh5 29. Kg1 Qh6 30. Ndb5 Re7 31. e5 dxe5 32. fxe5 Bf5 33. Nd4 Nh5 34. Nxf5 gxf5 35. Re2 f4 36. Qh4 f6 37. Bf3 Rg7+ 38. Kh2 Qg5 39. Qxg5 Rxg5 40. Bxh5 Rxh5 41. e6 Re8 42. Rxf4 f5 43. Nb5 Re7 44. Nd4 1-0